Super Goal : Teacher's Manual, Edición 2 parte A
| Main Author: | |
|---|---|
| Format: | Section = Libro |
| Language: | Undetermined Spanish |
| Published: |
Colombia
Zamora editores Ltda
2009
|
| Subjects: |
| LEADER | 00513nam a2200193Ia 4500 | ||
|---|---|---|---|
| 008 | 240830s9999 xx 000 0 und d | ||
| 040 | |a B-ESTELÍ- RUACS / 378 M294a2 | ||
| 041 | |a spa | ||
| 082 | |a 378 M294a2 | ||
| 100 | 1 | |a Colombia. Zamora Editorial | |
| 245 | 1 | 0 | |a Super Goal : Teacher's Manual, Edición 2 parte A |
| 260 | |a Colombia |b Zamora editores Ltda |c 2009 | ||
| 300 | |a 478 p. :il | ||
| 650 | 7 | |a SINONIMOS | |
| 650 | 7 | |b ANTÓNIMOS | |
| 650 | 7 | |c PARONIMOS | |
| 942 | |c BK |2 ddc | ||
| 991 | |a TEXTO | ||
| 999 | |c 10837 | ||